Vista normal Vista MARC

Entrada Topical Term

Número de registros utilizados en: 1

001 - CONTROL NUMBER

  • control field: 57489

003 - CONTROL NUMBER IDENTIFIER

  • control field: OSt

005 - DATE AND TIME OF LATEST TRANSACTION

  • control field: 20241129152729.0

008 - FIXED-LENGTH DATA ELEMENTS

  • fixed length control field: 241129|| aca||aabn | a|a d

040 ## - CATALOGING SOURCE

  • Original cataloging agency: OSt
  • Transcribing agency: OSt

150 ## - HEADING--TOPICAL TERM

  • Topical term or geographic name entry element: 53 Torneo Internancional del Joropo
  • Chronological subdivision: 2021

670 ## - SOURCE DATA FOUND

  • Source citation: Work cat.: (OSt)49188: Torneo Internacional del Joropo Miguel Ángel Martín (53o. : 2021 : Villavicencio, San Martín de los Llanos) 53141, 53º Torneo Internacional del Joropo Miguel Ángel Martín.









Instituto Departamental de Cultura del Meta - Red Departamental de Bibliotecas Públicas del Meta.